00239 a2200085 450000500170000002000180001710000180003524500510005326000490010420260120145454.0 a9789366601779 a Indumathi J. aData Analytics Transforming Data Into Insights bCengage Learning India Private Limitedc2025